000 01132nas a2200325 4500
001 BR2010000416
003 BR-BrBNA
005 20231205113836.0
007 ta
008 230509b bl.|||p| |||| 00| 00por d
040 _aBR-BrBNA
_bpor
_cBiblioteca Nacional de Agricultura
041 _a(Pt)
072 _aL70
100 1 _aSia, D.B.
100 1 _aGomes, C.
100 1 _aContesini, E.A.
100 1 _aBoth, A.C.
100 1 _aSouza, E.M.
100 1 _aFerreira, M.P.
100 1 _aGomes, H.M.
100 1 _aColomé, L.M.
100 1 _aFerreira, R.R.
245 1 _aComparação entre a técnica de substituição do ligamento redondo por implante de fascia lata bubalina preservada em glicerina e o uso de pino transarticular na redução e na estabilização da luxação coxofemoral experimentalmente induzida em cães
650 _aCÃO
650 _aARTICULAÇÃO
650 _aLIGAMENTO
773 0 _tArquivo Brasileiro de Medicina Veterinária e Zootecnia (Brazil)
_xISSN 0102-0935
_g(Aug 2009), v. 61(4) p. 825-834
_wBR2010000416
909 _a202311
_bLúcia
_c55
_dLúcia Elande
942 _2AGRIS
_n0
_cANA
999 _c205908
_d205908